Normal view MARC view
  • GUPTA ,R C ., BHARGAVA , S

Entry Personal Name

Number of records used in: 1

001 - CONTROL NUMBER

  • control field: 7422

003 - CONTROL NUMBER IDENTIFIER

  • control field: OSt

005 - DATE AND TIME OF LATEST TRANSACTION

  • control field: 20221220140848.0

008 - FIXED-LENGTH DATA ELEMENTS

  • fixed length control field: 221220|| aca||aabn | a|a d

040 ## - CATALOGING SOURCE

  • Original cataloging agency: OSt
  • Transcribing agency: OSt

100 ## - HEADING--PERSONAL NAME

  • Personal name: GUPTA ,R C ., BHARGAVA , S

670 ## - SOURCE DATA FOUND

  • Source citation: Work cat.: (OSt)8159: GUPTA ,R C ., BHARGAVA , S , PRACTICAL BIOCHEMISTRY , 2023